Vývoj na světových trzích komodit - květen
Analýza svetového trhu s komoditami v máji 1995. Pokles ceny ropy a cien základných neželezných kovov. Vysoký dopyt strategických kovov. Ceny zlata a striebra. Cenový vývoj cukru, trh kávy, kakaa. Poľnohospodárske komodity - prehľad v tab. Grafické spracovanie cien kovov a ropy. Trh obilia v Číne.
Guardado en:
| Formato: | Capítulo de libro |
|---|---|
| Lenguaje: | checo |
| Materias: | |
| Etiquetas: |
Sin Etiquetas, Sea el primero en etiquetar este registro!
|
MARC
| LEADER | 00000naa a2200000 4500 | ||
|---|---|---|---|
| 001 | r019622 | ||
| 005 | 20221205102846.9 | ||
| 041 | 0 | |a cze | |
| 044 | |a CZ | ||
| 245 | 1 | 0 | |a Vývoj na světových trzích komodit - květen |
| 520 | |a Analýza svetového trhu s komoditami v máji 1995. Pokles ceny ropy a cien základných neželezných kovov. Vysoký dopyt strategických kovov. Ceny zlata a striebra. Cenový vývoj cukru, trh kávy, kakaa. Poľnohospodárske komodity - prehľad v tab. Grafické spracovanie cien kovov a ropy. Trh obilia v Číne. | ||
| 610 | 2 | 0 | |a komodity |
| 610 | 2 | 0 | |a trh svetový |
| 610 | 2 | 0 | |a analýza trhu |
| 610 | 2 | 0 | |a ceny svetové |
| 610 | 2 | 0 | |a ropa |
| 610 | 2 | 0 | |a kovy neželezné |
| 610 | 2 | 0 | |a trh zlata |
| 610 | 2 | 0 | |a kovy drahé |
| 610 | 2 | 0 | |a kovy vzácne |
| 610 | 2 | 0 | |a obilniny |
| 610 | 2 | 0 | |a káva |
| 610 | 2 | 0 | |a kakao |
| 610 | 2 | 0 | |a cukor |
| 610 | 2 | 0 | |a kukurica |
| 610 | 2 | 0 | |a bavlna |
| 610 | 2 | 0 | |a kaučuk prírodný |
| 610 | 2 | 0 | |a máj |
| 610 | 2 | 0 | |a 1995 |